| Tag |
First Indicator |
Second Indicator |
Subfields |
| LEADER |
00000cam a2200000 4500 |
| 001 |
in00000665621 |
| 005 |
20151015083208.0 |
| 008 |
800924r18511847miu a 00010 eng d |
| 035 |
|
|
|a (OCoLC)06748055
|
| 035 |
|
|
|9 ACY0145AM
|
| 040 |
|
|
|a EEU
|c TXA
|d UtOrBLW
|
| 049 |
|
|
|a TXAI
|
| 090 |
|
|
|a BX1765
|b .M82 1851
|
| 099 |
|
|
|a film
|a B
|a 1512
|a reel
|a 288.9
|
| 100 |
1 |
|
|a Murray, Nicholas,
|d 1802-1861.
|
| 245 |
1 |
0 |
|a Letters to the Rt. Rev. John Hughes :
|b Roman Catholic bishop of New York /
|c By "Kirwan" [pseudonym] ...
|
| 264 |
|
1 |
|a Philadelphia :
|b Presbyterian Board of Publication,
|c [1851]
|
| 264 |
|
4 |
|c [©1851]
|
| 300 |
|
|
|a 3 volumes in 1. ;
|c 16 cm.
|
| 336 |
|
|
|a text
|b txt
|2 rdacontent
|
| 337 |
|
|
|a microform
|b h
|2 rdamedia
|
| 338 |
|
|
|a microfilm reel
|b hd
|2 rdacarrier
|
| 500 |
|
|
|a First published in the New York observer, 1847-1848.
|
| 500 |
|
|
|a Introductions to first and second series signed: Samuel I. Prime.
|
| 500 |
|
|
|a Third series has title: Bishop Hughes confuted. Reply to the Rt. Revised John Hughes, Roman Catholic bishop of New York ...
|
| 500 |
|
|
|a Microfilm. Ann Arbor, Mich., University Microfilms [n.d.] (American culture series, reel 288.9)
|
| 500 |
|
|
|a Microform.
|
| 600 |
1 |
0 |
|a Hughes, John,
|c Abp.,
|d 1797-1864.
|
| 610 |
2 |
0 |
|a Catholic Church
|v Controversial literature
|x Protestant authors.
|
| 610 |
2 |
0 |
|a Catholic Church
|x Doctrines.
|
| 700 |
1 |
|
|a Prime, Samuel Irenæus,
|d 1812-1885.
|
| 740 |
0 |
|
|a Bishop Hughes refuted.
|
| 999 |
|
|
|a MARS
|
| 999 |
f |
f |
|s b3926b10-ae8b-31f1-bc09-eca5892d09de
|i 40a71313-7469-37f1-a2eb-cf7b8a59e2a6
|t 0
|
| 952 |
f |
f |
|p default
|a Texas A&M University
|b College Station
|c Sterling C. Evans Library
|d Evans: Microforms (3rd floor)
|t 0
|e film B 1512 reel 288.9
|h Other scheme
|i microform -- microfilm reel
|
| 998 |
f |
f |
|a film B 1512 reel 288.9
|t 0
|l Evans: Microforms (3rd floor)
|